000 00275nam a22001217a 4500
008 170710b xxu||||| |||| 00| 0 eng d
041 _aeng
080 _a03
100 _a23
101 _aENC
245 _aENCYCLOPEDIA AMERICAN REVOLUTION
_cBEATHER.M.M
942 _2udc
_cBK
999 _c20113
_d20113